Online
Catalog

Arturo Morales Carrión : (Record no. 45235)

MARC details
000 -CABECERA
campo de control de longitud fija 02965nam a2200241 a 4500
001 - NÚMERO DE CONTROL
campo de control 000045746
005 - FECHA Y HORA DE LA ÚLTIMA TRANSACCIÓN
campo de control 20201002052424.0
008 - DATOS DE LONGITUD FIJA--INFORMACIÓN GENERAL
campo de control de longitud fija 150511s2012 pr ac 000 0 spa d
020 ## - NÚMERO INTERNACIONAL ESTÁNDAR DEL LIBRO
Número Internacional Estándar del Libro 9781617900761
040 ## - FUENTE DE LA CATALOGACIÓN
Centro catalogador/agencia de origen DO-SdBNP
Lengua de catalogación spa
Centro/agencia transcriptor BNPHU
082 ## - NÚMERO DE LA CLASIFICACIÓN DECIMAL DEWEY
Número de clasificación xxxx
Número de documento/Ítem xxxx
245 00 - MENCIÓN DE TÍTULO
Título Arturo Morales Carrión :
Resto del título Dimenciones del gran diplomático puertorriqueño /
Mención de responsabilidad, etc. Héctor Luis Acevedo, editor ; José Luis Colón González, Néstor R. Duprey Salgado, editores asociados.
260 ## - PUBLICACIÓN, DISTRIBUCIÓN, ETC.
Lugar de publicación, distribución, etc. San Juan, Puerto Rico :
Nombre del editor, distribuidor, etc. Universidad Interamericana de Puerto Rico,
Fecha de publicación, distribución, etc. 2012.
300 ## - DESCRIPCIÓN FÍSICA
Extensión 1060 p. :
Otras características físicas il., retrs., facsimiles ;
Dimensiones 26 cm.
490 1# - MENCIÓN DE SERIE
Mención de serie Raíces de nuestra épica
500 ## - NOTA GENERAL
Nota general Incluye índice onomástico
504 ## - NOTA DE BIBLIOGRAFÍA, ETC.
Nota de bibliografía, etc. Incluye referencias bibliográficas y notas al pie de las páginas.
505 0# - NOTA DE CONTENIDO CON FORMATO
Nota de contenido con formato Mensajes y saludos / Manuel J. Fernós, Marilina L. Wayland, Rafael Hernández Colón, Héctor Luis Acevedo -- "Don Arturo Morales Carrión y su viaje de historiador al gran diplomático puertorriqueño" / Héctor Luis Acevedo -- Conversaciones con Dr. Arturo Morales Carrión / Eladio Rivera Quiñones -- Entrevista a doña Inés Arandes, Vda. de Morales Carrión -- Conversations between Dr. Arturo Morales Carrión and his eldest son / Arturo Morales Arandes -- Otros hombres, otros tiempos / Edgardo Morales Arandes -- Carta al editor / Inés Morales Arandes -- Arturo Morales Carrión : the inquiring mind / José Trías Monge -- Entrevista a don Ricardo Alegría -- Reminiscencias : experiencias compartidas con Arturo Morales Carrión / Ismael Rodríguez Bou -- Homenaje póstumo a Arturo Morales Carrión / Salvador Tío Montes de Oca -- Arturo Morales Carrión, pasión y devoción por la historia y por Puerto Rico : la historia fue su pasión, Puerto Rico su devoción / Elsa Tío Fernández -- A don Arturo Morales Carrión / Carmelo Rosario Natal -- Palabras que aún vibran / Severo Colberg Ramírez -- Arturo Morales Carrión : una vida al servicio de la historia / Luis E. González Vales -- Arturo Morales Carrión : brillante investigador, historiógrafo, educador y hombre de estado / Aurelio Tío -- Mare Calusum, Mare Musicum : las múscias afrodiaspóricas y Puerto Rico and the Non-Hispanic Caribbean / Noel Allende-Goitía -- La presidencia de Arturo Morales Carrión : 1973-1977 / Luis E. González Vales -- De tagarninas y habanos : la historia de mi profesor / Anabelle Rodríguez Rodríguez -- Arturo Morales Carrión, precursor del tercer sector puertorriqueño : la Fundació Puertorriqueña de las Humanidades y el desarrollo de la sociedad civil en Puerto Rico / Rafael a. Torrech San Inocencio -- Apéndice: El historiador y académico -- Visión de Puerto Rico en la obra de Arturo Morales Carrión / Luis E. Agrait Betancourt.
700 12 - PUNTO DE ACCESO ADICIONAL--NOMBRE DE PERSONA
Nombre de persona Acevedo, Héctor Luis,
9 (RLIN) 73808
700 12 - PUNTO DE ACCESO ADICIONAL--NOMBRE DE PERSONA
Nombre de persona Duprey Salgado, Néstor R.,
Término indicativo de función/relación ed.
9 (RLIN) 73809
700 12 - PUNTO DE ACCESO ADICIONAL--NOMBRE DE PERSONA
Nombre de persona Colón González, José Luis,
Término indicativo de función/relación ed.
9 (RLIN) 73810
830 #0 - PUNTO DE ACCESO ADICIONAL DE SERIE-TÍTULO UNIFORME
Título uniforme Raíces de nuestra épica
9 (RLIN) 73811
Holdings
Estado de retiro Estado de pérdida Restricciones de uso No para préstamo Código de colección Localización permanente Ubicación/localización actual Ubicación en estantería Fecha de adquisición Número de inventario Total de préstamos Signatura topográfica completa Código de barras Fecha visto por última vez Precio válido a partir de Tipo de ítem Koha
      Excluido de préstamo Monografías: Libros y Folletos Patrimonio Dominicano Patrimonio Dominicano Depósito 11.05.2015 LF1   xxxx xxxx 45746-10 25.06.2020 25.06.2020 No se presta

Powered by Koha